Least Flat Countries - Statistics

General Stats
  • This quiz has been taken 24 times
  • The average score is 17 of 20
Answer Stats
Hint Answer % Correct
8,789 Nepal
100%
9,002 China
95%
7,065 Argentina
91%
6,893 Chile
91%
8,588 India
91%
5,646 Mexico
91%
7,234 Afghanistan
86%
5,959 Canada
86%
6,276 United States
86%
5,638 Iran
82%
8,611 Pakistan
82%
5,670 Russia
82%
7,195 Tajikistan
82%
5,700 Colombia
77%
6,267 Ecuador
77%
7,004 Kyrgyzstan
77%
6,802 Peru
77%
6,452 Bolivia
73%
5,892 Tanzania
64%
5,881 Myanmar
59%
No matching quizzes found
Score Distribution
Percent of People with Each Score
Percentile by Number Answered
Your Score History
You have not taken this quiz